000 00992nam a22003137a 4500
001 BR0002035
003 BR-BrBNA
005 20230928100621.0
007 ta
008 230509b bl.||||| |||| 00| 0 por d
040 _aBR-BrBNA
_bpor
_cBiblioteca Nacional de Agricultura
041 _a(Por)
072 _aH20; F30
_b0120
_b4150
090 _ 0120 BR0002035
100 1 _aBasso, C.M.
110 1 _aEscola Superior de Agricultura Luiz de Queiroz, Piracicaba, SP (Brasil)
_0Tese (Doutor em Agronomia)
245 1 _aSintese de composto de milho (Zea mays L.)com resistencia ao complexo de enfezamento
260 3 _aPiracicaba, SP (Brasil):
_c1999.
300 _a122 p.
500 _aSummaries (Eng, Por); Bibliography p. 78-87; 45 tables
650 _aMilho
650 _aEnfezamento
650 _aCruzamento Dialelico
650 _aVariedade Resistente
650 _aControle Quimico
650 _aMetodo Estatistico
909 _a202309
_bLucia
_c55
_dLucia Elande
942 _cBK
999 _c62058
_d62058